[Event "LUX-chT 2016/17"]
[Site "Luxembourg"]
[Date "2017.02.05"]
[Round "7"]
[White "Bonafede, Jerome"]
[Black "Hartung, Jerry"]
[Result "1-0"]
[WhiteElo "2118"]
[BlackElo "2194"]
[PlyCount "63"]
[EventDate "2016.09.25"]
[EventType "team-tourn"]
[EventRounds "10"]
[EventCountry "LUX"]
[SourceTitle "EXT 2018"]
[Source "ChessBase"]
[SourceDate "2017.10.13"]
[SourceVersion "1"]
[SourceVersionDate "2017.10.13"]
[SourceQuality "1"]

1. d4 d5 2. c4 c6 3. Nf3 Nf6 4. Nc3 e6 5. Bg5 Nbd7 6. cxd5 exd5 7. e3 Bd6 8. Qc2 0-0 9. Bd3 h6 10. h4 Re8 11. 0-0-0 Nf8 12. Rdg1 Qe7 13. Nd2 Bb4 14. Bf4 c5 15. Kb1 c4 16. Be2 Bxc3 17. bxc3 b5 18. g4 Ng6 19. Bh2 Nxh4 20. Be5 Ne4 21. Nxe4 dxe4 22. g5 hxg5 23. Rxh4 f6 24. Rh5 fxe5 25. Rhxg5 exd4 26. exd4 Qd7 27. Qd2 Re7 28. Qf4 Bb7 29. Bg4 Qc6 30. Bf5 Rf8 31. Bh7+ Kxh7 32. Qxf8 1-0

[Event "LUX-chT 2016/17"]
[Site "Luxembourg"]
[Date "2017.01.15"]
[Round "6"]
[White "Micottis, Dorian"]
[Black "Bonafede, Jerome"]
[Result "1-0"]
[WhiteElo "2234"]
[BlackElo "2120"]
[PlyCount "85"]
[EventDate "2016.09.25"]
[EventType "team-tourn"]
[EventRounds "10"]
[EventCountry "LUX"]
[SourceTitle "EXT 2018"]
[Source "ChessBase"]
[SourceDate "2017.10.13"]
[SourceVersion "1"]
[SourceVersionDate "2017.10.13"]
[SourceQuality "1"]

1. e4 c5 2. Nf3 e6 3. d4 cxd4 4. Nxd4 a6 5. Nc3 Qc7 6. Qf3 Nc6 7. Be3 Bb4 8. Nxc6 dxc6 9. Bd4 Nf6 10. Bxf6 gxf6 11. Qxf6 Rg8 12. 0-0-0 Qe7 13. Qxe7+ Kxe7 14. e5 Bxc3 15. bxc3 Bd7 16. g3 Rad8 17. Bg2 Bc8 18. Rxd8 Kxd8 19. Rd1+ Ke7 20. Rd4 Rg5 21. f4 Rg8 22. Bf3 f6 23. exf6+ Kxf6 24. Re4 Bd7 25. Re5 Be8 26. Be2 Bf7 27. g4 h6 28. Kd2 Rd8+ 29. Ke3 Bg6 30. Bd3 Bf7 31. h4 Rh8 32. Bc4 Re8 33. Kf3 Rd8 34. g5+ hxg5 35. hxg5+ Kg7 36. Bxe6 Rd2 37. Bxf7 Kxf7 38. Re2 Rd1 39. Kg4 Rg1+ 40. Kf5 Rf1 41. g6+ Kf8 42. Kg5 Rg1+ 43. Kf6 1-0